| 000 | 00894nam2a2200205 4500 | ||
|---|---|---|---|
| 001 | RU\NLR\PER_A\010994049_000470 | ||
| 005 | 20260208075848.0 | ||
| 035 | _a(NLR Aleph) 022716932 | ||
| 090 |
_a13546000 _c13546000 |
||
| 100 | _a20260203d2025 u y0rusy50 ca | ||
| 101 | 0 | _arus | |
| 102 | _aRU | ||
| 200 | 0 | _a№ 24 | |
| 210 | _d2025 | ||
| 461 | 0 |
_1001RU\NLR\Per\1188372 _12001#$aИмагология и компаративистика$dImagology and comparative studies$eнаучно-практический журнал$fТом. гос. ун-т$zeng$v№ 24 _910937685 _cТомск _d2014 - _fТом. гос. ун-т _lImagology and comparative studies _nИзд-во ТГУ _oнаучно-практический журнал _tИмагология и компаративистика _x2409-9554 _v№ 24 |
|
| 852 |
_aNLR _jП34/2282 |
||
| 942 | _cISSUE | ||
| 980 | _aRUSPER | ||
| 980 | _aNB | ||